000 003090000a22000970004500
100 1 _aBuswell, James Oliver (1895-1977)
245 1 0 _aCaste and the application of a missiological principe
300 _aVol. 1, Núm 4 (1984), Páginas 339-345
773 0 _tInternational Journal of Frontier Misions
942 _cANA
999 _c55139
_d55139